Normal view
MARC view
- Zahid Malik
Entry Personal Name
001 - CONTROL NUMBER
- control field: 9300
003 - CONTROL NUMBER IDENTIFIER
- control field: NUST
005 - DATE AND TIME OF LATEST TRANSACTION
- control field: 20180120160508.0
008 - FIXED-LENGTH DATA ELEMENTS
- fixed length control field: 180120|| aca||aabn | a|a d
040 ## - CATALOGING SOURCE
- Original cataloging agency: NUST
- Transcribing agency: NUST
100 ## - HEADING--PERSONAL NAME
- Personal name: Zahid Malik
670 ## - SOURCE DATA FOUND
- Source citation: Work cat.: (NUST)321153: Zahid Malik, Mazameen-e-Quran Hakeem, 2010
